GEÇMİŞTEN GÜNÜMÜZE KUDÜS (Record no. 1112330)

MARC details
000 -LEADER
sabit uzunluktaki kontrol alanı 00249nam a2200097Ia 4500
001 - KONTROL NUMARASI
kontrol alanı 1112330
005 - EN SON İŞLEMİN TARİH VE ZAMANI
kontrol alanı 20250827003928.0
008 - SABİT-UZUNLUKTA VERİ ÖĞELERİ--GENEL BİLGİ
sabit uzunluktaki kontrol alanı 250824s9999 xx 000 0 und d
245 #0 - ESER / YAZAR
ESER ADI GEÇMİŞTEN GÜNÜMÜZE KUDÜS
Yazar Adı ANONİM
260 ## - YAYIN, DAĞITIM, VB.
YAYIN EVİ KÜLTÜR A.Ş
Holdings
Düşüm durumu Kayıp durumu Hasar Durumu Ödünç verilmez Ana kütüphane Geçerli Kütüphane Edinilen tarih Toplam ödünç verme sayısı Barkod Son görüntüleme tarihi Fiyatın geçerli olmaya başladığı tarih Koha materyal türü
        YÜZÜNCÜ YIL MESLEKİ EĞİTİM MERKEZİ YÜZÜNCÜ YIL MESLEKİ EĞİTİM MERKEZİ 24.08.2025   10901047 27.08.2025 27.08.2025 Books